00454 2200169 4500001002100000005001500021035001900036245006400055100001800119300003800137260004600175082000700221084001300228022001200241863001700253990001400270INLIS00000000000159520250306095958$a 0010-0325000024$a Hewan darat, hewan air, dan alat geraknya /$c Bhakti Karyono$a Bhakti Karyono$a 50 hlm : $b ilus ; $c 21 x 27.5 cm$a Jakarta :$b PT Kuark Internasional,$c 2025$a 050$a 050 BHA h$a 16939964$a Februari 2025$a MK004/2025